00976nam a22002291a 450000100060000000300080000600500170001400800410003103500190007204000460009104100080013708200210014510000570016624501020022326000610032530000790038660000570046570000520052294200120057499900170058695201430060325176BD-RjUL20211209050837.0140316r19451939enkabcf 000 0deng d a(BD-RjUL)25245 aDLCbengcOCUdTxU-HudDLCdNZOCdBD-RjUL aeng04a915.67bLAO 19451 aLawrence, T. E.q(Thomas Edward),d1888-1935.96979010aOriental assembly /cby T.E. Lawrence ; edited by A.W. Lawrence ; with photographs by the author. aLondon :bWilliams and Norgate,c1939 [impression 1945]. axii, 291 p., [12] leaves of plates :bill., facsim., map, ports. ;c22 cm.10aLawrence, T. E.q(Thomas Edward),d1888-1935.9697901 aLawrence, A. W.q(Arnold Walter),d1900-969791 2ddccBK c25176d25176 00102ddc40728NFICaRUCLbRUCLcReadingd1966-09-27eA. I. Quraishig9.60l0o915.67 LAO 1945r2014-03-16 00:00:00tC-1w2014-03-16yBK